000 01582cam a22003251i 4500
003 SA-RiAUC
005 20250911121031.0
008 250906s1968 mr g b f00100 ara c
040 _aSA-RiAUC
_bara
_cSA-RiAUC
_erda
050 4 _b.A23 1968
082 0 4 _a915.31204
_qSA-RiAUC
090 _a915.31204
_bع ب د
100 1 _aالعبدري، محمد بن محمد بن علي،
_dتوفي حوالي 700 هجري
_eمؤلف.
245 1 0 _aرحلة العبدري، المسماه، الرحلة المغربية /
_cمحمد بن محمد العبدري ؛ تحقيق وتقديم وتعليق محمد الفاسي.
246 3 3 _aالرحلة المغربية
264 1 _aالرباط :
_bجامعة محمد الخامس :
_bوزارة الدولة المكلفة بالشؤون الثقافية والتعليم الأصلي،
_c1968
300 _aأ-ط، 352 صفحة ؛
_c24 سم.
336 _aنص
_btxt
_2rdacontent
_3كتاب
337 _aبدون وسيط
_bn
_2rdamedia
338 _aمجلد
_bnc
_2rdacarrier
490 1 _aالرحلات ؛
_v4
500 _aيشتمل على كشافات.
500 _aتعرف أيضا بعنوان : ما سما إليه الناظر المطرق في خير الرحلة إلى بلاد المشرق.
504 _aيشتمل على إرجاعات ببليوجرافية.
651 7 _aمكة المكرمة
_xوصف ورحلات
_2aucsh
700 1 _aالفاسي، محمد،
_d1908-1991
_eمحقق.
830 2 _aالرحلات
_v4
942 _2ddc
_cBOOK
_n0
949 _aSA-JeALM
_d250906
_umohamedma123
_n1
999 _c11622
_d11622